ՀՀ Գիտությունների ազգային ակադեմիայի հիմնարար գիտական գրադարան  =   Fundamental Scientific Library of NAS RA

Автоматические микродозаторы для жидкостей / (Record no. 345382)

MARC details
000 -LEADER
fixed length control field 00727nam a2200217 a 4500
001 - CONTROL NUMBER
control field 001062721
003 - CONTROL NUMBER IDENTIFIER
control field AM-YeHGA
005 - DATE AND TIME OF LATEST TRANSACTION
control field 20250617151130.0
008 - FIXED-LENGTH DATA ELEMENTS--GENERAL INFORMATION
fixed length control field 150302s1975 ||| r 000 0 rus d
040 ## - CATALOGING SOURCE
Original cataloging agency AM-YeHGA
041 0# - LANGUAGE CODE
Language code of text/sound track or separate title rus
090 ## - LOCALLY ASSIGNED LC-TYPE CALL NUMBER (OCLC); LOCAL CALL NUMBER (RLIN)
-- 347181
100 1# - MAIN ENTRY--PERSONAL NAME
Personal name Абилов, Абдулрза
245 10 - TITLE STATEMENT
Title Автоматические микродозаторы для жидкостей /
Statement of responsibility, etc. А.Г. Абилов, К.А. Лютфалиев.
260 ## - PUBLICATION, DISTRIBUTION, ETC.
Place of publication, distribution, etc. Москва :
Name of publisher, distributor, etc. Энергия,
Date of publication, distribution, etc. 1975.
300 ## - PHYSICAL DESCRIPTION
Extent 62 с.
440 #0 - SERIES STATEMENT/ADDED ENTRY--TITLE
Title Б-ка по автоматике
504 ## - BIBLIOGRAPHY, ETC. NOTE
Bibliography, etc. note Библиогр.: с. 58-62
-- 545
653 0# - INDEX TERM--UNCONTROLLED
Uncontrolled term Автоматика
700 1# - ADDED ENTRY--PERSONAL NAME
Personal name Лютфалиев, Кадыр Ахмедович
Holdings
Withdrawn status Lost status Source of classification or shelving scheme Damaged status Not for loan Collection Home library Current library Date acquired Total checkouts Full call number Barcode Date last seen Price effective from Koha item type Public note
    Universal Decimal Classification     General Fundamental Scientific Library Fundamental Scientific Library 09/01/2017   PII/362304 FL0324646 09/01/2017 09/01/2017 Գրքեր / Books 30 Days Loan


ՀՀ ԳԱԱ հիմնարար գիտական գրադարան
ՀՀ,Երևան 0019
Մարշալ Բաղրամյան 24/6
հեռախոս:(374-10) 52-47-50
Հետադարձ կապ

All site content, except where otherwise noted, is licensed under a
Creative Commons License